| 000 -NÁVESTIE |
| fixed length control field |
00414nam a2200145 4500 |
| 008 - ÚDAJE S PEVNOU DĹŽKOU – VŠEOBECNÉ INFORMÁCIE |
| fixed length control field |
191024s2016||||xo d |
| 020 ## - MEDZINÁRODNÉ ŠTANDARDNÉ ČÍSLO KNIHY (ISBN) |
| Medzinárodné štandardné číslo knihy (ISBN) |
9788055169095 |
| Údaje o dostupnosti |
4,28 |
| 041 1# - KÓD JAZYKA |
| Kód jazyka textu/zvukovej stopy alebo samostatných nápisov |
slo |
| 044 ## - KÓD KRAJINY VYDAVATEĽA/PRODUCENTA |
| Kód krajiny MARC |
xo |
| Kód krajiny ISO |
SK |
| 100 1# - OSOBNÉ MENÁ – VŠEOBECNÉ INFORMÁCIE |
| Osobné meno |
Lampartová Terézia |
| -- |
1413 |
| 245 10 - NÁZOV |
| Názov |
Pätminútovky zo slovenského jazyka |
| Zvyšok názvu |
pre 3.-4. rocník Základných škôl |
| 250 ## - ÚDAJ O PORADÍ VYDANIA |
| Údaj o poradí vydania |
1.vydanie |
| 260 ## - VYDAVATEĽSKÉ ÚDAJE, DISTRIBÚCIA ATĎ. |
| Názov vydavateľa, distibútora atď. |
Príroda |
| Miesto publikovania, distribúcie atď. |
Bratislava |
| Dátum publikovania, distribúcie atď. |
2016 |
| 300 ## - FYZICKÝ POPIS |
| Rozsah |
79s. |